000 00497nam a2200181Ia 4500
001 15592
005 20260306170207.0
008 260306t2008||||xx |||||||||||||| ||und||
041 _aESP
082 _a551
_bB25
100 _aBarreda de la Cruz, Miguel
_eAUT
245 0 _aEstudio geológico y geoturístico del distrito de Macusani:
_bprovincia de Carabaya, Puno-Perú
260 _c2008
300 _a102 páginas :
_c28 cm.
650 _aGEN
654 _aCIC
942 _cLIB
_dJUS
_fJUS
_2ddc
_n
999 _c15592
_d15592